000 00394nam a22001217a 4500
003 OSt
082 _a631.75807
_bJIN/EV
100 _aJinu A
245 _aEvaluation and refinement of low cost automation system for naturally ventilated greenhouse /
260 _aTavanur :
_bDepartment of Soil and Water Conservation Engineering,
_c2019.
700 _aAbdul Hakkim V M, (Guide)
_93780
942 _cTH
999 _c19464
_d19464